MARC details
| 000 -CABECERA |
| campo de control de longitud fija |
02763cam a2200277 i 4500 |
| 001 - NÚMERO DE CONTROL |
| campo de control |
991107453485106196 |
| 005 - FECHA Y HORA DE LA ÚLTIMA TRANSACCIÓN |
| campo de control |
20250310144331.0 |
| 008 - DATOS DE LONGITUD FIJA--INFORMACIÓN GENERAL |
| campo de control de longitud fija |
240829s2024 nyu b 000 0 eng d |
| 020 ## - NÚMERO INTERNACIONAL ESTÁNDAR DEL LIBRO |
| Número Internacional Estándar del Libro |
9781945335198 |
| Información calificativa |
paperback |
| 035 ## - NÚMERO DE CONTROL DEL SISTEMA |
| Número de control de sistema |
(OCoLC)1464701291 |
| 035 ## - NÚMERO DE CONTROL DEL SISTEMA |
| Número de control de sistema |
(OCoLC)on1464701291 |
| 040 ## - FUENTE DE LA CATALOGACIÓN |
| Centro catalogador/agencia de origen |
IG# |
| Lengua de catalogación |
eng |
| Normas de descripción |
rda |
| Centro/agencia transcriptor |
IG# |
| Centro/agencia modificador |
YDX |
| 050 #4 - SIGNATURA TOPOGRÁFICA DE LA BIBLIOTECA DEL CONGRESO |
| Número de clasificación |
HB501 |
| Número de documento/Ítem |
.S64 2024 |
| 100 ## - ENTRADA PRINCIPAL--NOMBRE DE PERSONA |
| Nombre de persona |
Spencer, Annie Xibos, |
| Término indicativo de función/relación |
author. |
| 9 (RLIN) |
24845 |
| 245 10 - MENCIÓN DE TÍTULO |
| Título |
How to break an addiction |
| Resto del título |
: a method-in-a-manifesto for quitting capitalism |
| Mención de responsabilidad, etc. |
/ Annie Xibos Spencer. |
| 264 #1 - PRODUCCIÓN, PUBLICACIÓN, DISTRIBUCIÓN, FABRICACIÓN Y COPYRIGHT |
| Producción, publicación, distribución, fabricación y copyright |
Brooklyn, NY : |
| Nombre del de productor, editor, distribuidor, fabricante |
Common Notions, |
| Fecha de producción, publicación, distribución, fabricación o copyright |
[2024] |
| 300 ## - DESCRIPCIÓN FÍSICA |
| Extensión |
xv, 253 pages ; |
| Dimensiones |
23 cm |
| 504 ## - NOTA DE BIBLIOGRAFÍA, ETC. |
| Nota de bibliografía, etc. |
Includes bibliographical references. |
| 505 ## - NOTA DE CONTENIDO CON FORMATO |
| Nota de contenido con formato |
Everyday life in permanent crisis — Teaching economics at the end of the paradigm — Finding a fix — What of the “addict”? — Capital is a fiend — Tramps like us — Addiction as an accumulation strategy — Bodies in revolt. |
| 520 ## - SUMARIO, ETC. |
| Sumario, etc. |
What the opioid epidemic teaches us about the addiction at the root of our social lifeand how we free ourselves from it.How To Break An Addiction paints an original and dynamic portrait of the nature of the opioid crisis while offering original commentary on what the crisis portends about the present historical conjuncture. Interrogating long- and short-run, macro and micro, national and global, structural and personal factors, it takes the ongoing US opioid crisis as a jumping off point to illustrate the profound conclusion: capitalism at its core is an addiction.In a blend of memoir, historical record, original research, and theoretical and cultural analysis, critical geographer and harm reduction activist Annie Spencer argues against a dominant progressive presumption of the need to reform (or save) capitalism, demonstrating instead the imperative to think, organize, and enact new ways of being and provisioning together on a living Earth.How To Break An Addiction renders visible the extent to which the world we inhabit today is made by addictionin capitals imageand against life and well-being. Spencer calls for redress of the deepening crisis of addiction and the so-called epidemic of pain at its root; for a paradigm shift away from the dominant economic logic in favor of new kinds of ecosystemic social practice and provision. We must innovate a new way of being human together in the here and now. Spencers first-person narration anchors rigorous and far-reaching research and theory, making for an original and impactful tour through capitals addiction to crisis and our abilityand needto break from it. |
| 650 #0 - PUNTO DE ACCESO ADICIONAL DE MATERIA--TÉRMINO DE MATERIA |
| Término de materia o nombre geográfico como elemento de entrada |
Capitalism |
| Subdivisión general |
Social aspects. |
| 650 #0 - PUNTO DE ACCESO ADICIONAL DE MATERIA--TÉRMINO DE MATERIA |
| Término de materia o nombre geográfico como elemento de entrada |
Capitalism |
| Subdivisión general |
Philosophy. |
| 650 #0 - PUNTO DE ACCESO ADICIONAL DE MATERIA--TÉRMINO DE MATERIA |
| Término de materia o nombre geográfico como elemento de entrada |
Compulsive behavior |
| 9 (RLIN) |
11408 |
| 650 #0 - PUNTO DE ACCESO ADICIONAL DE MATERIA--TÉRMINO DE MATERIA |
| Término de materia o nombre geográfico como elemento de entrada |
Opioid abuse |
| Subdivisión cronológica |
21st century. |
| 942 ## - ELEMENTOS DE ENTRADA AGREGADA (KOHA) |
| Fuente del sistema de clasificación o colocación |
Clasificación de Library of Congress |